تجربة السجن في شعر أبي فراس الحمداني والمعتمد بن عباد /
Saved in:
| Main Author: | |
|---|---|
| Other Authors: | |
| Format: | Thesis |
| Language: | Arabic |
| Published: |
Nabulus :
Jami'at al-Najah al-Wataniyah,
2004
|
| Subjects: | |
| Tags: |
Add Tag
No Tags, Be the first to tag this record!
|
| LEADER | 018010000a22003250004500 | ||
|---|---|---|---|
| 008 | 130610s2004 gz a f 000 0 ara d | ||
| 040 | |a UIAM |b eng | ||
| 041 | |a ara | ||
| 050 | 0 | 0 | |a PJ7542.P66 |
| 100 | 1 | |a عبد الله، عامر عبد الله عامر | |
| 242 | 1 | 0 | |a Tajribat al-sajn fi sh'ir Abi Firas al-Hamdani wa-al-Mu'tamid ibn 'Abbad |
| 245 | 1 | 0 | |a تجربة السجن في شعر أبي فراس الحمداني والمعتمد بن عباد / |c إعداد، عامر عبد الله عامر عبد الله |
| 260 | |a Nabulus : |b Jami'at al-Najah al-Wataniyah, |c 2004 | ||
| 300 | |a ix, 410 leaves : |b ill. ; |c 30 cm. | ||
| 500 | |a "قدمت هذه الأطروحة إستكمالا لمتطلبت درجة الماجستير في اللغة العربية وآدابها بكلية الدراسات العليا في جامعة النجاح الوطنية" -- On t.p | ||
| 500 | |a Abstract in English and Arabic. | ||
| 502 | |a Thesis (M.A.)--Jami'at al-Najah al-Wataniyah, 2004. | ||
| 504 | |a Includes bibliographical references (leaves 402-410). | ||
| 596 | |a 1 | ||
| 600 | 1 | 0 | |a Abu Firas al-Hamdani, |x al-Harith ibn Sa'id, Criticism and interpretation |y 932-968 |
| 600 | 1 | 0 | |a Mu'tamid, |c King of Seville, |d 1039-1095 |x Criticism and interpretation |
| 650 | 0 | |a Imprisonment in literature | |
| 650 | 0 | |a Prisons in literature | |
| 650 | 0 | |a Prisoners' writings, Arabic |x History and criticism | |
| 655 | |a Theses, Facsimile edition (Islamic) | ||
| 700 | 1 | |a 'Abd Allah, 'Amir 'Abd Allah 'Amir | |
| 710 | 2 | |a Jami'at al-Najah al-Wataniyah. |b Kulliyat al-Dirasat al-'Ulya | |
| 900 | |a arf-sar | ||
| 999 | |c 433564 |d 464467 | ||
| 952 | |0 0 |6 TI PJ 007542 P66 A135T 2004 |7 0 |8 THESES |9 753147 |a IIUM |b IIUM |c MULTIMEDIA |g 405.00 |o ti PJ 7542 P66 A135T 2004 |p 00011273898 |r 2017-10-23 |t 1 |v 405.00 |y THESIS | ||
